| 000 | 00708nam a2200277Ia 4500 | ||
|---|---|---|---|
| 008 | 171025s9999 xx 000 0 und d | ||
| 020 | _a9712717216 | ||
| 050 | _a174.9 | ||
| 050 | _bSa237 2005 | ||
| 100 | _aSantos, Vergel O. | ||
| 245 | _aWorse than free : | ||
| 245 | _bessays on journalism ethics and other media issues / | ||
| 245 | _cby Vergel O. Santos. | ||
| 260 | _aPhilippines : | ||
| 260 | _bAnvil, | ||
| 260 | _c2005 | ||
| 300 | _a381 pages : | ||
| 300 | _billustrations ; | ||
| 300 | _c22cm. | ||
| 650 | _aJournalism -- | ||
| 650 | _aJournalistic ethics. | ||
| 650 | _aMass media -- | ||
| 650 | _xAuthorship. | ||
| 650 | _xMoral and ethical aspects. | ||
| 700 | _aTitle. | ||
| 999 |
_c344495 _d344495 |
||